Guess the random Taylor Swift Song Lyrics 85 - Statistics

General Stats
  • This quiz has been taken 16 times
  • The average score is 221 of 287
Answer Stats
Answer % Correct
I
100%
in
100%
on
100%
the
100%
You
100%
you
100%
your
100%
Your
100%
a
94%
is
94%
they
94%
to
94%
we
94%
And
88%
and
88%
for
88%
it
88%
Love
88%
me"
88%
My
88%
my
88%
never
88%
Never
88%
One
88%
that
88%
That
88%
was
88%
What
88%
But
81%
could
81%
go
81%
How
81%
no
81%
No
81%
not
81%
said
81%
say
81%
"She
81%
So
81%
so
81%
up
81%
You're
81%
you're
81%
Don't
75%
don't
75%
hand
75%
have
75%
head"
75%
made
75%
money
75%
of
75%
our
75%
out
75%
reason
75%
show
75%
their
75%
there
75%
thing
75%
this
75%
"This
75%
Two
75%
won't
75%
would
75%
all
69%
bride
69%
Champagne
69%
champagne
69%
couldn't
69%
friends
69%
fucked
69%
give
69%
had
69%
heart
69%
Her
69%
instead
69%
it's
69%
just
69%
leave
69%
Left
69%
lovely
69%
night
69%
once
69%
problems
69%
ready
69%
real
69%
shame
69%
She'll
69%
she's
69%
such
69%
tapestry
69%
told
69%
which
69%
while
69%
you'll
69%
again
63%
answer
63%
applauded
63%
asks
63%
Because
63%
beyond
63%
booked
63%
brought
63%
celebrating
63%
Chevy
63%
Crestfallen
63%
crowd
63%
crowds
63%
cure
63%
dancing
63%
deck
63%
Dom
63%
door
63%
dorm
63%
dropped
63%
evergreen
63%
family
63%
find
63%
flannel
63%
flush
63%
glass
63%
group
63%
halls
63%
hold
63%
joke
63%
knees
63%
know
63%
landing
63%
madhouse"
63%
midas
63%
nerve
63%
November
63%
Now
63%
picture
63%
pocket
63%
reaches
63%
remember
63%
ring
63%
shred
63%
silent
63%
sister
63%
sit
63%
sleepers
63%
someone's
63%
Sometimes
63%
speech
63%
speechless
63%
standing
63%
sure
63%
they'll
63%
think
63%
through
63%
'Til
63%
touch
63%
train
63%
walked
63%
wallet
63%
watch
63%
"Well
63%
we'll
63%
With
63%
word
63%
worse
63%
bottle
56%
Bustling
56%
called
56%
hometown
56%
hurt
56%
keep
56%
mom's
56%
one's
56%
or
56%
patch
56%
soon
56%
splashed
56%
skeptics
50%
slipped
44%
Pernignon
0%
No matching quizzes found
Score Distribution
Percent of People with Each Score
Percentile by Number Answered
Your Score History
You have not taken this quiz